LEADER 03496nam 22006971 450 001 9910451014903321 005 20210721145055.0 010 $a1-280-85978-4 010 $a9786610859788 010 $a90-474-0607-9 010 $a1-4337-0589-3 024 7 $a10.1163/9789047406075 035 $a(CKB)1000000000334962 035 $a(EBL)280747 035 $a(OCoLC)191953118 035 $a(SSID)ssj0000240669 035 $a(PQKBManifestationID)11220215 035 $a(PQKBTitleCode)TC0000240669 035 $a(PQKBWorkID)10267177 035 $a(PQKB)11663321 035 $a(MiAaPQ)EBC280747 035 $a(Au-PeEL)EBL280747 035 $a(CaPaEBR)ebr10171618 035 $a(CaONFJC)MIL85978 035 $a(nllekb)BRILL9789047406075 035 $a(EXLCZ)991000000000334962 100 $a20210731d2005 uy 0 101 0 $aeng 135 $aur|n|---||||| 181 $ctxt 182 $cc 183 $acr 200 10$aSaints and Sons $eThe Making and Remaking of the Rashi?di Ah?madi Sufi Order, 1799-2000 /$fMark Sedgwick 210 1$aLeiden; $aBoston :$cBRILL,$d2005. 215 $a1 online resource (271 p.) 225 1 $aSocial, Economic and Political Studies of the Middle East and Asia ;$v97 300 $aDescription based upon print version of record. 311 $a90-04-14013-1 320 $aIncludes bibliographical references and index. 327 $aList of maps; Preface; Note on transliteration and dating; Introduction; Chapter One Ahmad ibn Idris; Chapter Two The tariqa Muhammadiyya; Chapter Three The Sanusiyya and the Khatmiyya; Chapter Four The Ahmadiyya under al-Rashid; Chapter Five The Ahmadiyya after the death of al-Rashid; Chapter Six The spread of the Dandarawi Ahmadiyya in the Arab world; Chapter Seven The spread of the Dandarawi Ahmadiyya in the Malay world; Chapter Eight Adulation in Egypt; Chapter Nine Institutionalization in Seremban; Chapter Ten Modernity in Singapore; Chapter Eleven Modernity in Cairo and Beirut 327 $aChapter Twelve The authority of shaykhsGlossary; List of interviewees; Bibliography; Index 330 $aThis first history of the Rashi?di Ah?madiyya argues for a new explanation of the great Sufi revival of the eighteenth century, and also defines a new paradigm of development and change in Sufi orders. In his study of one widespread Sufi order over two centuries and three continents, the author identifies a repeating cycle in which a section of an order rises under a great shaykh, splits, and stabilizes. Though each great shaykh seems to remake the order with little reference to what has gone before, there are in fact two constants through all cycles: the written literature of the order, and the limiting effect on even the greatest shaykhs of their followers' expectations. 410 0$aSocial, Economic and Political Studies of the Middle East and Asia ;$v97. 517 3 $aThe Making and Remaking of the Rashi?di Ah?madi Sufi Order, 1799-2000 606 $aAhmadiyya$xHistory 606 $aIslam 606 $aIslamic sects$xHistory 606 $aSufism$xHistory 608 $aElectronic books. 615 0$aAhmadiyya$xHistory. 615 0$aIslam. 615 0$aIslamic sects$xHistory. 615 0$aSufism$xHistory. 676 $a297.4/8 700 $aSedgwick$b Mark$0860389 801 0$bNL-LeKB 801 1$bNL-LeKB 906 $aBOOK 912 $a9910451014903321 996 $aSaints and Sons$92492517 997 $aUNINA LEADER 00978nam a2200241 i 4500 001 991003387729707536 005 20020509121322.0 008 980910s1966 it ||| | ita 035 $ab11154287-39ule_inst 035 $aPARLA180933$9ExL 040 $aDip.to Filosofia$bita 082 0 $a350 100 1 $aDe Tullio, Osvaldo$0405115 245 10$aIstituzioni di diritto pubblico :$bcon cenni sui principi generali del diritto e sulla legislazione sociale :$bad uso degli istituti tecnici commerciali /$cOsvaldo De Tullio 260 $aFirenze :$bGiunti Bemporad Marzocco,$c1966 300 $a435 p. :$bill. ;$c24 cm. 650 4$aDiritto pubblico 907 $a.b11154287$b21-09-06$c28-06-02 912 $a991003387729707536 945 $aLE005 FONDO GATTO 255$g1$i2005000025730$lle005$o-$pE0.00$q-$rl$s- $t0$u0$v0$w0$x0$y.i11296628$z28-06-02 996 $aIstituzioni di diritto pubblico$9873058 997 $aUNISALENTO 998 $ale005$b01-01-98$cm$da $e-$fita$git $h0$i1